000 00711nam a2200217Ia 4500
001 13169
003 GE_BSU
008 181216s||||||||xx |||||||||||||| ||und||
040 _cGE_BSU
080 _a631.8
100 _aПрянишников,Д.Н.
245 _aИзбранные сочинения в трех томах. Т.2
245 _bАзот в жизни растении и земледелии
245 _cПод.ред.О.К.Кедрова-Зихмана. Ред.В.П.Иванов
260 _aМосква
260 _bГосиздат сель.-хоз.лит-ры
260 _c1953
300 _a520стр.27см.
653 _aИзбранные сочинения
942 _cBK
999 _c46333
_d46333